República de invisibles: (Record no. 22909)

000 -CABECERA
fixed length control field 01775nam a22002897i 4500
003 - IDENTIFICADOR DEL NÚMERO DE CONTROL
control field AR-CdUCM
008 - DATOS DE LONGITUD FIJA--INFORMACIÓN GENERAL
fixed length control field 240521b20222022 pe||||| |||| 00| 0 spa d
020 ## - NÚMERO INTERNACIONAL ESTÁNDAR DEL LIBRO
ISBN 978-612-49070-0-5
040 ## - FUENTE DE LA CATALOGACIÓN
Agencia/entidad que catalogó originalmente la obra MUNICIPALIDAD PROVINCIAL DEL CUSCO
Entidad que transcribió la catalogación BIBLIOTECA MUNICIPAL DEL CUSCO
082 ## - NÚMERO DE LA CLASIFICACIÓN DECIMAL DEWEY
No. de Clasificación 323.042 / H44
Notacion interna H44
100 ## - ENTRADA PRINCIPAL--NOMBRE DE PERSONA
Nombre Personal Hernández Muro, Alex
245 ## - MENCIÓN DE TÍTULO
Título República de invisibles:
Resto del título políticas, ciudadanía y activismos LGBTIQ+ /
260 ## - PUBLICACIÓN, DISTRIBUCIÓN, ETC.
Lugar de publicación, distribución, etc. Lima :
Nombre de la editorial, distribuidor, etc. Ministerio de Cultura del Perú,
-- Proyecto Especial Bicentenario de la Independencia del Perú,
Fecha de publicación, distribución, etc. 2022
300 ## - DESCRIPCIÓN FÍSICA
Nº de Páginas Extensión 288 páginas. :
Dimensiones 21 cm.
500 ## - NOTA GENERAL
Bibliografía Bibliografía: páginas 263 - 285
505 ## - NOTA DE CONTENIDO CON FORMATO
Nota de contenido formateada El Perú es travestismo -- Evidencias de la existencia LGTBIQ+: de las crónicas a la prensa -- Políticas de higienismo en la república -- Así mueren los maricones: disidencias en el conflicto armado -- Fin de siglo: despatologización de la homosexualidad, epidemia del VIH e inicios del movimiento LGBTI -- Violencia por prejuicio -- Ordenanzas contra la discriminación -- Decreto 1323 y los crímenes de odio -- Deudas históricas y agenda LGBTI al bicentenario -- Existimos y resistimos
650 ## - PUNTO DE ACCESO ADICIONAL DE MATERIA--TÉRMINO DE MATERIA
Descriptor El Perú es travestismo
9 (RLIN) 49909
650 ## - PUNTO DE ACCESO ADICIONAL DE MATERIA--TÉRMINO DE MATERIA
Descriptor Evidencias de la existencia LGTBIQ+: de las crónicas a la prensa
9 (RLIN) 49910
650 ## - PUNTO DE ACCESO ADICIONAL DE MATERIA--TÉRMINO DE MATERIA
Descriptor Políticas de higienismo en la república
9 (RLIN) 49911
650 ## - PUNTO DE ACCESO ADICIONAL DE MATERIA--TÉRMINO DE MATERIA
Descriptor Fin de siglo: despatologización de la homosexualidad, epidemia del vih e inicios del movimiento lgbti
9 (RLIN) 49912
650 ## - PUNTO DE ACCESO ADICIONAL DE MATERIA--TÉRMINO DE MATERIA
Descriptor La ideología de género y los fundamentalismos religiosos y científicos
9 (RLIN) 49913
650 ## - PUNTO DE ACCESO ADICIONAL DE MATERIA--TÉRMINO DE MATERIA
Descriptor Violencia por prejuicio
9 (RLIN) 49914
650 ## - PUNTO DE ACCESO ADICIONAL DE MATERIA--TÉRMINO DE MATERIA
Descriptor Existimos y resistimos
9 (RLIN) 49915
856 ## - LOCALIZACIÓN Y ACCESO ELECTRÓNICOS
Dirección electrónica www.bicentenario.gob.pe/biblioteca
942 ## - ELEMENTOS DE PUNTO DE ACCESO ADICIONAL (KOHA)
Fuente de clasificación
Tipo de item Libros-BMC
945 ## - PROCESAMIENTO DE INFORMACIÓN LOCAL (OCLC)
Catalogador pbj
AAAA-MM-DD - Fecha de ingreso o modificacion 2024-05-21
Holdings
Estado de retiro (separado) Fuente de clasificación o esquema de estanterías Estado dañado Ubicación Sala donde se ubica Nombre de la colección Fecha de adquisición o compra Fuente de adquisición Costo, precio normal en soles Signatura topográfica Código de Barras Última vez visto (Koha) Tipo de ítem (Koha)
No     Sala Humanidades Sala Humanidades Book Cart 2024-05-21 Depósito Legal 20.00 323.042 / H44 SH0000016746 2024-05-21 Libros-BMC

Powered by Koha